|
|
|
|
| LEADER |
00000nam0a2200000 4500 |
| 001 |
211052 |
| 005 |
20231101225642.0 |
| 035 |
|
|
|a (RuTPU)RU\TPU\book\230515
|
| 090 |
|
|
|a 211052
|
| 100 |
|
|
|a 20120307d2010 km y0rusy50 ca
|
| 101 |
0 |
|
|a rus
|
| 102 |
|
|
|a RU
|
| 105 |
|
|
|a a z 001zy
|
| 200 |
1 |
|
|a Реклама в библиотеке
|e методическое пособие
|f Российская научно-техническая промышленная библиотека (РНТПБ)
|
| 205 |
|
|
|a 2-е изд., стер.
|
| 210 |
|
|
|a Москва
|c Изд-во РНТПБ
|d 2010
|
| 215 |
|
|
|a 20 с.
|c ил.
|
| 320 |
|
|
|a Библиогр.: с. 20.
|
| 330 |
|
|
|a Методическое пособие посвящено актуальным и малоразработанным вопросам рекламы в деятельности библиотек. В нем раскрыты роль и сущность рекламы, даются разносторонние рекомендации оформления и использования рекламы в библиотеках. Методическое пособие окажет помощь не только в работе библиотек, но и в завоевании и укреплении их авторитета и популярности.
|
| 606 |
1 |
|
|a Библиотеки
|x Управление
|2 stltpush
|3 (RuTPU)RU\TPU\subj\68181
|9 83664
|
| 610 |
1 |
|
|a библиотечное дело
|
| 610 |
1 |
|
|a библиотечная реклама
|
| 610 |
1 |
|
|a оформление
|
| 610 |
1 |
|
|a составление
|
| 610 |
1 |
|
|a СМИ
|
| 610 |
1 |
|
|a печатная реклама
|
| 610 |
1 |
|
|a видеореклама
|
| 610 |
1 |
|
|a наружная реклама
|
| 610 |
1 |
|
|a фирменный стиль
|
| 610 |
1 |
|
|a методические пособия
|
| 686 |
|
|
|a Ч737я73
|v LBC/SL-A
|2 rubbk
|
| 712 |
0 |
2 |
|a Российская научно-техническая промышленная библиотека (РНТПБ)
|c (Москва)
|c (1992- )
|2 stltpush
|3 (RuTPU)RU\TPU\col\16022
|
| 801 |
|
1 |
|a RU
|b 63413507
|c 20120307
|
| 801 |
|
2 |
|a RU
|b 63413507
|c 20221006
|g RCR
|
| 942 |
|
|
|c BK
|
| 959 |
|
|
|a 39/20120307
|d 1
|e 130,00
|f НМО:1
|